Statistics for The Next Step Characters

Click here to take the quiz!

General Stats

  • This quiz has been taken 803 times
  • The average score is 19 of 22

Answer Stats

Answer% Correct
TNS MemberEmily
97%
TNS MemberJames
96%
TNS MemberRiley
95%
TNS MemberEldon
94%
TNS MemberMichelle
94%
TNS MemberWest
93%
TNS OwnerKate
91%
Male ChoregrapherChris
90%
TNS MemberStephanie
90%
TNS MemberGiselle
88%
TNS MemberTiffany
88%
TNS MemberChloe
87%
Kate's SisterPhoebe
87%
TNS MemberDaniel
86%
TNS MemberAmanda
84%
Foreign ExchangeElla
83%
TNS MemberNoah
82%
TNS MemberHunter
78%
TNS MemberMax
74%
TNS MemberThalia
72%
TNS MemberCierra
70%
TNS MemberShantel
55%

Score Distribution

Percentile by Number Answered

Percent of People with Each Score

Your Score History

You have not taken this quiz